000 00261 a2200133 4500
001 194774
040 _cMagnum
100 _aAlves, Castro
240 1 0 _aOs escravos
_lpor
245 1 0 _aOs escravos
300 _a97
697 _aLITERATURA GERAL
942 _cBK
999 _c194774
_d194774